| 000 | 00498cam a2200145 4500500 | ||
|---|---|---|---|
| 005 | 20251012032528.0 | ||
| 041 | _afre | ||
| 042 | _adc | ||
| 100 | 1 | 0 |
_aMotoret, Laurence _eauthor |
| 245 | 0 | 0 | _aCorto Maltese, la cour secrète des arcanes, film d’animation français de Pascal Morelli, 2002 |
| 260 | _c2003. | ||
| 500 | _a1 | ||
| 786 | 0 | _nSigila | 11 | 1 | 2003-06-20 | p. 228-229 | 1286-1715 | |
| 856 | 4 | 1 | _uhttps://shs.cairn.info/revue-sigila-2003-1-page-228?lang=fr&redirect-ssocas=7080 |
| 999 |
_c1547535 _d1547535 |
||